000 00952nam a2200265 i 4500
001 91974
003 ES-MaACL
005 20250731034206.0
007 t|
008 050311s1975 sp |||| |aspa d
020 _a84-7273-068-9
080 _a929 Ossorio y Gallardo, Angel
100 1 _aOssorio y Gallardo, Ángel,
_d1873-1946
_9138613
245 1 0 _aMis memorias /
_cÁngel Ossorio y Gallardo
_b. El abogado Ángel Ossorio y Gallardo / por Fausto Vicente Gella.
260 _aMadrid :
_bTebas,
_c[1975]
300 _a238 p. ;
_c21 cm.
490 1 _aRecuerdos y memorias ;
_v3
505 8 _aContiene: ;
_tLa presidencia del Ateneo, p. 115
600 1 4 _aOssorio y Gallardo, Ángel,
_d1873-1946
_9138613
610 2 4 _aAteneo de Madrid-
_vHistoria-
_vRelatos personales
_91926
700 1 _aVicente Gella, Fausto.
_9114356
830 0 _aRecuerdos y memorias ;
_v3
_9226799
852 _aES-MaACL
_jE-10810
999 _c91974
_d91974